000 04539nam a22002657a 4500
001 5150503
003 UA-OsUOA
005 20201109134719.0
008 200413b un ||||| m||| 00| 0 ukr d
040 _aUA-OsUOA
_bukr
_cUA-OsUOA
_dUA-OsUOA
041 _aukr
080 _a343.98:343.357(477)
090 _a343.98:343.357(477)
095 _a12.00.09
_bкримінальний процес та криміналістика; судова експертиза; оперативно-розшукова діяльність
100 _aСамойлов С. В.
245 _aРозслідування шахрайств, учинених із використанням мережі "Інтернет"
_cСамойлов Станіслав Вадимович ; наук. керівник Одерій Олексій Володимирович
260 _aДонецьк
_c2014
300 _a18 с.
502 _6Автореферат дисертації на здобуття наукового ступеня кандидата юридичних наук
_cДонецький юридичний інститут
_d2014
520 _aДисертація є комплексною науковою розробкою із розслідування шахрайств, що вчиняються з використанням мережі "Інтернет". Визначено, що саме мережа "Інтернет" є специфічним середовищем для вчинення розглядуваних злочинів. Подано кримінально-правову характеристику та висвітлено деякі питання кваліфікації означеного виду злочинів. Наведено криміналістичну характеристику досліджуваних злочинів. Окрему увагу приділено способам учинення та відповідним слідам злочинної діяльності. У роботі детально розглянуто особливості початкового етапу розслідування шахрайств, учинених із використанням мережі «Інтернет». Окремо досліджено питання отримання інформації про правопорушення та прийняття рішення про початок кримінального провадження. Наведено типові слідчі ситуації початкового етапу розслідування та розроблено відповідні їм слідчі версії і алгоритми їх перевірки. Приділено увагу особливостям витребування інформації від установ та організацій під час розслідування шахрайств, учинених із використанням мережі "Інтернет". Досліджено особливості тактики проведення окремих слідчих дій під час розслідування зазначеного виду шахрайств. Наведено рекомендації щодо тактики слідчого огляду комп’ютерних систем та їх елементів. Розроблено пропозиції щодо тактики допиту потерпілих, свідків та підозрюваних у вчинені злочину. Запропоновано орієнтовний перелік питань до допитуваного з урахуванням його процесуального статусу та способу вчиненого шахрайства. Розглянуто особливості застосування спеціальних знань різними суб’єктами, наведено питання, що можуть вирішуватись у межах експертного дослідження. Запропоновано заходи для попередження досліджуваних шахрайств.
650 _2UDC
_a343 Кримінальне право. Карні порушення
942 _2udc
_cAR
955 _a1
999 _c458821
_d458821